000 01040nam0a22002771 4500
001 v19\rc\2009680
005 20250620001527.0
035 _a(NLR Aleph) 005091663
090 _a7303447
_c7303447
100 _a20080925e19011901|||y0rusy50 ca
101 0 _arus
102 _aRU
105 _ay z |||||
200 1 _aВстреча Нового года в градо-тюменской Михаило-архангельской церкви
210 _a[Тобольск]
_cтип. Тоб. епарх. братства
_d[1901]
215 _a3 с.
300 _aВ конце текста: А.Б.
309 _aБез тит. л. и обл.
311 _aОтт. из "Тобол. епарх. вед." 1901 г., № 3
488 0 _12001#$aТобольские епархиальные ведомости$v1901, № 3
_tТобольские епархиальные ведомости
701 0 _aА. Б.
801 0 _aRU
_bNLR
_gpsbo
801 1 _aRU
_bProSoft-M
_2rusmarc
852 _aNLR
_j18.332.1.389
942 _cBOOK
980 _aNB